00452nam a22001217a 4500008004100000020002200041082001600063100002000079245013900099250001100238260006300249300001800312230216b |||||||| |||| 00| 0 eng d a978-93-5465-576-0 22nd eda540 aSuresh K Sharma aTextbook of Biochemistry and Biophysics for NursesbAs per the syllabus of Post Bsc Nursing of Indian Nursing CouncilcSuresh K Sharma a2nd ed aNew Delhi, IndiabJaypee Brothers Medical Publishersc2022 a322 pc24.1cm